Culture Générale - Série 789 - Statistiques

Statistiques générales
  • Ce quiz a été pris 62 fois
  • Le résultat moyen est 4 sur 10
Statistiques - réponses
Question Réponse % Correct
Quand on parle de "vente à l'encan", il s'agit d'une vente aux ... enchères
88%
Si vous enlevez une lettre à moutarde, vous trouverez l'oie du Canada. outarde
75%
Dans quel pays d'Amérique du Sud est située la ville de Cali ? Colombie
67%
L'éristale est un insecte et plus précisément une grosse ... mouche
58%
Dans les années 30, André Michelin a équipé une autorail avec des pneumatiques qu'il a appelée ... Micheline
46%
De quel pays d'Océanie Yaren est-elle la capitale ? Nauru
32%
Dans quel art, peut-on parler de "neumes" ? musique
28%
Quel nom porte le coquillage que l'on appelle couteau de mer ? solen
16%
Ecrivain romain (14-66) qui serait l'auteur du "Satyricon" Petrone
5%
Commune d'Italie des Pouilles qui a donné son nom au canal qui sépare l'talie de l'Albanie. Otrante
2%
Aucun quiz correspondant
Distribution des résultats
% des personnes avec chaque résultat
Percentile par nombre de réponses
Votre historique - résultats
Vous n’avez pas pris ce quiz